The rent review (Record no. 73492)

MARC details
000 -LEADER
fixed length control field 01238cam a2200253 4500
001 - CONTROL NUMBER
control field ABS67044
008 - FIXED-LENGTH DATA ELEMENTS--GENERAL INFORMATION
fixed length control field 030930n2003 000 0 eng u
035 ## - SYSTEM CONTROL NUMBER
System control number (Sirsi) u123764
100 ## - MAIN ENTRY--PERSONAL NAME
Personal name Vivian, J.
245 #4 - TITLE STATEMENT
Title The rent review
260 ## - PUBLICATION, DISTRIBUTION, ETC.
Date of publication, distribution, etc. 2003
490 ## - SERIES STATEMENT
Series statement Property Week
Volume/sequential designation 68(34) 29 August 2003, 38-39(2)
520 ## - SUMMARY, ETC.
Summary, etc. Focuses on commercial property rent reviews and factors that can affect the outcome from the landlord and tenant perspective. Includes repair covenants, the Disability Discrimination Act 1995 and insurance. From the tenant's perspective, considers the Canary Wharf and Telegraph rent review. Looks at break clause wording and examines the "St Martins Property Investments v C I B Properties" (ChD, WB3326-27), and "H Turner and Son v Confederation Life" ([2002] EWHC 2924 (Ch), [2003] 21 EG 192).
590 ## - LOCAL NOTE (RLIN)
Local note ABS
650 ## - SUBJECT ADDED ENTRY--TOPICAL TERM
Topical term or geographic name entry element PROPERTY-COMMERCIAL PROPERTY
650 ## - SUBJECT ADDED ENTRY--TOPICAL TERM
Topical term or geographic name entry element RENT REVIEWS
650 ## - SUBJECT ADDED ENTRY--TOPICAL TERM
Topical term or geographic name entry element DISABILITY DISCRIMINATION ACT 1995
650 ## - SUBJECT ADDED ENTRY--TOPICAL TERM
Topical term or geographic name entry element CANARY WHARF INVESTMENTS V TELEGRAPH GROUP LTD
650 ## - SUBJECT ADDED ENTRY--TOPICAL TERM
Topical term or geographic name entry element WELSH V GREENWICH LBC
650 ## - SUBJECT ADDED ENTRY--TOPICAL TERM
Topical term or geographic name entry element ST MARTINS PROPERTY LTD V CITICORP INVESTMENT BANK PROPERTIES LTD AND
690 ## - LOCAL SUBJECT ADDED ENTRY--TOPICAL TERM (OCLC, RLIN)
Topical term or geographic name as entry element PROPERTY-COMMERCIAL PROPERTY
700 ## - ADDED ENTRY--PERSONAL NAME
Personal name White, G.
942 ## - ADDED ENTRY ELEMENTS (KOHA)
Suppress in OPAC 0
Holdings
Withdrawn status Lost status Source of classification or shelving scheme Damaged status Not for loan Home library Current library Shelving location Date acquired Total Checkouts Full call number Barcode Date last seen Copy number Price effective from Koha item type
    Dewey Decimal Classification     London London Journal article 30/09/2003   ABS67044 123764-1001 06/08/2019 1 06/08/2019 Journal article